000
00292nam a22001097a 4500
082
_a
823
_b
BLY/F
100
_a
BLYTON, ENID
245
_a
FAMOUS FIVE- 5 GET IN TO TROUBLE
246
_a
FAMOUS FIVE- 5 GET IN TO TROUBLE
_b
FAMOUS FIVE- 5 GET IN TO TROUBLE
650
_a
ENGLISH FICTION
942
_c
BK
999
_c
8794
_d
8794